000 00483nam a2200181Ia 4500
005 20250326125213.0
008 250326s9999 xx 000 0 und d
037 _aTextbook
040 _aFMSL
_beng
_cFMSL
041 _aeng
_2eng
084 _aX:5k L3;1
_qFMSL
100 _aGreener M
_9738648
245 0 _aPenguin dictionary of commerce
_cGreener M
260 _aUSA
_bUSA, Penguin
_c1973
300 _a350p
942 _cTB
_hX:5k L3;1
999 _c1276993
_d1276993